000 00985nam a2200277 i 4500
001 102923
003 ES-MaACL
005 20230906183221.0
007 t|
008 051220s2003 sp ||||1| spa d
080 _a930.85(533/534)".../04"(060.64)
245 0 3 _aEl país de la reina de Saba [exposición] /
_c[texto, Felipe Maíllo Salgado].
260 _aMadrid :
_bDescubrir el Arte,
_c[2003]
300 _a32 p. :
_bil. col. y n. ;
_c29 cm.
490 1 _aCuadernos de arte / Conde Duque, Centro Cultural
500 _aExposición itinerante.
504 _aBibliografía: p. 31-32.
651 4 _aYemen-
_xCivilización-
_vExposiciones.
_9172875
655 7 _2tgfbne
_9193628
_aCatálogos de exposiciones
700 1 _aMaíllo Salgado, Felipe.
_975586
710 2 _aCentro Cultural del Conde Duque.
_92579
830 1 _aCuadernos de arte / Conde Duque, Centro Cultural
_9226832
852 _aES-MaACL
_j2198-F-13
942 _2udc
999 _c102923
_d102923